|
|
|
|
| LEADER |
00869nam a22002417a 4500 |
| 003 |
OSt |
| 020 |
|
|
|a 9788172338831
|
| 082 |
|
|
|a 631.521
|b DHI/SE
|
| 100 |
|
|
|a Dhirendra Khare
|
| 245 |
|
|
|a Seed technology
|
| 250 |
|
|
|a 2nd revised & enlarged ed.
|
| 260 |
|
|
|a Jodhpur
|b Scientific Publishers
|c 2014
|
| 300 |
|
|
|a 944 Pages
|
| 650 |
|
|
|a Seed morphology
|
| 650 |
|
|
|a Seed deterioration
|
| 650 |
|
|
|a Seed sampling
|
| 650 |
|
|
|a Seed drying
|
| 650 |
|
|
|a Genetic purity
|
| 700 |
|
|
|a Bhale M S
|
| 942 |
|
|
|2 ddc
|c BK
|
| 999 |
|
|
|c 142107
|d 142107
|
| 952 |
|
|
|0 0
|1 0
|2 ddc
|4 0
|6 631_521000000000000_DHISE
|7 0
|9 141063
|a KAUCLV
|b KAUCLV
|c GENERAL
|d 2015-12-01
|g 3250.00
|l 6
|m 1
|o 631.521 DHI/SE
|p 225010
|r 2019-03-30
|s 2019-03-11
|y BK
|
| 952 |
|
|
|0 0
|1 0
|2 ddc
|4 0
|6 631_521000000000000_DHISE
|7 0
|8 Gen
|9 159362
|a KAUCLV
|b KAUCLV
|c GENERAL
|d 2018-05-26
|g 3950.00
|o 631.521 DHI/SE
|p 228302
|r 2018-05-26
|w 2018-05-26
|y BK
|